=LDR 00000nam 2200000 4500 =001 INLIS000000000018547 =005 20130612113723 =008 ***********************************Ind** =035 ##$$0010-061300000018547 =041 ##$$a Ind =082 ##$$a 415 =090 ##$$a 415, Cha g =100 ##$$a Chaer, Abdul =245 ##$$a Grametika bahasa Indonesia, oleh Abdul Chaer =260 ##$$a 1993 $b Jakarta =300 ##$$a viii, 196 hlm, 20 cm =650 ##$$a Grametika =850 ##$$a NBPNMAT